[Event "Modena Province-ch"]
[Site "Ceriano Laghetto"]
[Date "2010.02.??"]
[Round "4"]
[White "Basile, Daniele"]
[Black "Pino, Nicola"]
[Result "1/2-1/2"]
[WhiteElo "1697"]
[BlackElo "1793"]
[PlyCount "97"]
[EventDate "2010.02.02"]
[EventType "swiss"]
[EventRounds "6"]
[EventCountry "ITA"]
[SourceTitle "EXT 2024"]
[Source "ChessBase"]
[SourceDate "2023.10.10"]
[SourceVersion "1"]
[SourceVersionDate "2023.10.10"]
[SourceQuality "1"]

1. e3 c5 2. d4 cxd4 3. exd4 e6 4. Nf3 Nf6 5. Bd3 Nc6 6. c3 Be7 7. Bf4 0-0 8. 0-0 d6 9. Qc2 b6 10. Nbd2 Bb7 11. Ne4 g6 12. Rad1 Rc8 13. Qe2 Nxe4 14. Bxe4 d5 15. Bd3 Re8 16. Bb5 Rf8 17. Bh6 Re8 18. Ne5 Bd6 19. f4 Bf8 20. Ng4 Bxh6 21. Nxh6+ Kg7 22. Ng4 h5 23. Ne5 Qd6 24. Rf3 Re7 25. Nxc6 Bxc6 26. Bxc6 Qxc6 27. Qe5+ f6 28. Qe2 Qc4 29. Re3 Qxe2 30. Rxe2 a5 31. Rde1 Kf7 32. a4 Rc4 33. Ra1 Rec7 34. Kf2 Rb7 35. Re3 b5 36. axb5 Rxb5 37. b4 Rc7 38. bxa5 Ra7 39. Ree1 Rbxa5 40. Rxa5 Rxa5 41. Rb1 f5 42. Rb7+ Kf6 43. h4 Ra2+ 44. Kf3 Rd2 45. Rc7 Rd1 46. Ke2 Rc1 47. Kf2 Rc2+ 48. Kg3 Rd2 49. Kf3 1/2-1/2